Phytochemical investigation of the root of Milletia leucantha for antimicrobial properties (Record no. 215998)
[ view plain ]
| 000 -LEADER | |
|---|---|
| fixed length control field | 00639nam a22001577a 4500 |
| 008 - FIXED-LENGTH DATA ELEMENTS--GENERAL INFORMATION | |
| fixed length control field | 250807b |||||||| |||| 00| 0 eng d |
| 050 ## - LIBRARY OF CONGRESS CALL NUMBER | |
| Classification number | THE RS 160 .W36 2021 |
| Item number | C.1 |
| 100 ## - MAIN ENTRY--PERSONAL NAME | |
| Personal name | Wangari, Lilian Wanjiku |
| 245 ## - TITLE STATEMENT | |
| Title | Phytochemical investigation of the root of Milletia leucantha for antimicrobial properties |
| 260 ## - PUBLICATION, DISTRIBUTION, ETC. | |
| Place of publication, distribution, etc. | Kisii |
| Name of publisher, distributor, etc. | Kisii University |
| Date of publication, distribution, etc. | 2021 |
| 300 ## - PHYSICAL DESCRIPTION | |
| Extent | xiv, 114p.:ill |
| 500 ## - GENERAL NOTE | |
| General note | Includes bibliographical references |
| 650 ## - SUBJECT ADDED ENTRY | |
| Topical term or geographic name entry element | 1. Milletia leucantha - Therapeutic use. 2. Medicinal plants - Kenya. 3. Phytochemicals - Analysis. 4. Antimicrobial agents - Plant sources. |
| 942 ## - ADDED ENTRY ELEMENTS (KOHA) | |
| Source of classification or shelving scheme | Library of Congress Classification |
| Koha item type | Reference |
| Withdrawn status | Lost status | Source of classification or shelving scheme | Damaged status | Not for loan | Collection | Home library | Current library | Date acquired | Inventory number | Total checkouts | Full call number | Barcode | Date last seen | Copy number | Price effective from | Koha item type |
|---|---|---|---|---|---|---|---|---|---|---|---|---|---|---|---|---|
| Library of Congress Classification | Special Research | Kisii University Library | Kisii University Library | 08/07/2025 | 109419 | THE RS 160 .W36 2021 | 000000024747 | 08/07/2025 | C.1 | 08/07/2025 | Reference |